[Event "Cologne Longerich op 3rd"]
[Site "Cologne"]
[Date "2004.08.07"]
[Round "6"]
[White "Goedicke, Leni"]
[Black "Edelmann, Dirk"]
[Result "1-0"]
[WhiteElo "1262"]
[BlackElo "1554"]
[PlyCount "133"]
[EventDate "2004.06.26"]
[EventType "swiss"]
[EventRounds "7"]
[EventCountry "GER"]
[SourceTitle "EXT 2006"]
[Source "ChessBase"]
[SourceDate "2005.11.24"]
[SourceVersion "1"]
[SourceVersionDate "2005.11.24"]
[SourceQuality "1"]

1. d4 Nf6 2. Nf3 g6 3. Nc3 d5 4. Bf4 Bg7 5. Qd2 Nc6 6. h4 Bf5 7. e3 0-0 8. Be2 Nb4 9. Bd1 Nh5 10. Bh2 Rc8 11. a3 Nc6 12. Ne5 Nxe5 13. dxe5 e6 14. g4 Qxh4 15. gxf5 Bxe5 16. Bxh5 Qxh5 17. f4 Bf6 18. Qe2 Qxf5 19. 0-0-0 c5 20. e4 dxe4 21. Qxe4 Bxc3 22. Qxf5 Bxb2+ 23. Kxb2 exf5 24. Rd7 Rb8 25. Bg1 Rfc8 26. Be3 a6 27. c4 b5 28. Kc3 b4+ 29. Kb3 bxa3+ 30. Kxa3 Rb4 31. Rc1 h5 32. Ra7 Rc6 33. Bxc5 Rb8 34. Bd4 Rd8 35. Bb2 h4 36. Kb4 Rb8+ 37. Ka3 Rcb6 38. Be5 Rc8 39. c5 Rbc6 40. Bd6 Kg7 41. Ka4 h3 42. Rh1 Rh8 43. Ka5 Re8 44. Rxa6 Rxa6+ 45. Kxa6 Ra8+ 46. Kb7 Ra2 47. Rxh3 Rb2+ 48. Kc7 Kf6 49. Re3 Kg7 50. c6 Rc2 51. Kd7 f6 52. c7 g5 53. fxg5 fxg5 54. c8Q Rxc8 55. Kxc8 Kg6 56. Kd7 f4 57. Rf3 Kf5 58. Ke7 Kg4 59. Ra3 Kf5 60. Bc5 Kg4 61. Kf6 f3 62. Bf2 Kh3 63. Rxf3+ Kg4 64. Rg3+ Kh5 65. Rxg5+ Kh6 66. Be3 Kh7 67. Rg1 1-0

[Event "Cologne Longerich op 3rd"]
[Site "Cologne"]
[Date "2004.07.31"]
[Round "5"]
[White "Edelmann, Dirk"]
[Black "Behr, Ludwig"]
[Result "1/2-1/2"]
[WhiteElo "1554"]
[BlackElo "1281"]
[PlyCount "36"]
[EventDate "2004.06.26"]
[EventType "swiss"]
[EventRounds "7"]
[EventCountry "GER"]
[SourceTitle "EXT 2006"]
[Source "ChessBase"]
[SourceDate "2005.11.24"]
[SourceVersion "1"]
[SourceVersionDate "2005.11.24"]
[SourceQuality "1"]

1. c4 Nf6 2. Nc3 c6 3. Nf3 e6 4. g3 d6 5. Bg2 g6 6. 0-0 Bg7 7. d4 0-0 8. e4 Nbd7 9. Re1 e5 10. Bg5 h6 11. Be3 Ng4 12. Nh4 Nxe3 13. fxe3 Nf6 14. Rf1 Ng4 15. Qe2 exd4 16. exd4 Bxd4+ 17. Kh1 Qb6 18. Na4 Qb4 1/2-1/2

[Event "Cologne Longerich op 3rd"]
[Site "Cologne"]
[Date "2004.07.03"]
[Round "2"]
[White "Edelmann, Dirk"]
[Black "Gilges, Hans"]
[Result "1/2-1/2"]
[WhiteElo "1554"]
[BlackElo "1524"]
[PlyCount "76"]
[EventDate "2004.06.26"]
[EventType "swiss"]
[EventRounds "7"]
[EventCountry "GER"]
[SourceTitle "EXT 2006"]
[Source "ChessBase"]
[SourceDate "2005.11.24"]
[SourceVersion "1"]
[SourceVersionDate "2005.11.24"]
[SourceQuality "1"]

1. c4 c5 2. Nc3 g6 3. Nf3 Bg7 4. g3 Nf6 5. Bg2 0-0 6. 0-0 e6 7. d4 cxd4 8. Nxd4 a6 9. a4 Nc6 10. Nxc6 bxc6 11. Bf4 d5 12. Qc2 Bb7 13. Rfd1 Qe7 14. e4 e5 15. Bc1 d4 16. Ne2 c5 17. b3 Nd7 18. Qd3 f5 19. Ba3 a5 20. Rac1 fxe4 21. Bxe4 Bxe4 22. Qxe4 Nf6 23. Qg2 Bh6 24. Rc2 e4 25. Nxd4 Rac8 26. Ne2 Rfd8 27. Rf1 Rd3 28. Qh3 Qd7 29. Qxh6 Rxb3 30. Bb2 Rf8 31. Rd2 Rd3 32. Rfd1 Ng4 33. Qg5 Nxf2 34. Qe5 Nxd1 35. Qh8+ Kf7 36. Qxh7+ Ke8 37. Qxg6+ Kd8 38. Qg5+ Qe7 1/2-1/2

[Event "Cologne Longerich op 2nd"]
[Site "Cologne"]
[Date "2003.??.??"]
[Round "7"]
[White "Behr, Ludwig"]
[Black "Edelmann, Dirk"]
[Result "0-1"]
[WhiteElo "1359"]
[BlackElo "100"]
[PlyCount "70"]
[EventDate "2003.06.??"]
[EventType "swiss"]
[EventRounds "7"]
[EventCountry "GER"]
[SourceTitle "EXT 2004"]
[Source "ChessBase"]
[SourceDate "2003.11.25"]
[SourceVersion "1"]
[SourceVersionDate "2003.11.25"]
[SourceQuality "1"]

1. Nf3 d5 2. d4 Nf6 3. Nbd2 Bg4 4. c4 e6 5. h3 Bh5 6. cxd5 Qxd5 7. a3 c5 8. e3 Bd6 9. Be2 0-0 10. 0-0 Nbd7 11. Nh2 Bxe2 12. Qxe2 cxd4 13. e4 Qc6 14. Nhf3 e5 15. Nh4 g6 16. f3 Nh5 17. Nc4 Be7 18. Bh6 Rfc8 19. Rac1 Qf6 20. Nf5 gxf5 21. Bd2 Ng3 22. Qf2 Nxf1 23. Kxf1 Nc5 24. Qg3+ Qg6 25. Qxg6+ fxg6 26. Nxe5 Bf6 27. f4 fxe4 28. b4 Nb3 29. Rxc8+ Rxc8 30. Ke2 Nxd2 31. Kxd2 Bxe5 32. fxe5 Kf7 33. a4 Ke6 34. g4 Kxe5 35. b5 Rc3 0-1

[Event "Cologne Longerich op 2nd"]
[Site "Cologne"]
[Date "2003.??.??"]
[Round "3"]
[White "Rotstein, Jefim"]
[Black "Edelmann, Dirk"]
[Result "1-0"]
[WhiteElo "2374"]
[BlackElo "100"]
[PlyCount "85"]
[EventDate "2003.06.??"]
[EventType "swiss"]
[EventRounds "7"]
[EventCountry "GER"]
[SourceTitle "EXT 2004"]
[Source "ChessBase"]
[SourceDate "2003.11.25"]
[SourceVersion "1"]
[SourceVersionDate "2003.11.25"]
[SourceQuality "1"]

1. e4 c6 2. d4 d5 3. exd5 cxd5 4. c4 Nf6 5. Nc3 e6 6. Nf3 Nbd7 7. Qb3 Qb6 8. c5 Qxb3 9. axb3 b6 10. Nb5 Kd8 11. Ng5 Ke7 12. Rxa7 Rxa7 13. Nxa7 Bb7 14. c6 Bxc6 15. Nxc6+ Ke8 16. Bb5 Bd6 17. Nf3 Bc7 18. Nfe5 Bd6 19. Bf4 h6 20. Ke2 g5 21. Nxd7 Kxd7 22. Be5 Bxe5 23. Nxe5+ Ke7 24. Rc1 Kf8 25. Rc8+ Kg7 26. Rxh8 Kxh8 27. Nxf7+ Kg7 28. Nd8 Ng4 29. Nxe6+ Kf6 30. h3 Kxe6 31. hxg4 Kd6 32. Ke3 Ke6 33. f4 gxf4+ 34. Kxf4 Kf6 35. Bc6 Ke6 36. g5 hxg5+ 37. Kxg5 Kd6 38. Bb5 Ke6 39. g4 Kf7 40. Kh6 Kg8 41. g5 Kh8 42. Bc6 Kg8 43. g6 1-0